| 000 | 00855nam a22002417a 4500 | ||
|---|---|---|---|
| 005 | 20091028143035.0 | ||
| 008 | 091028t xxu||||| |||| 00| 0 eng d | ||
| 010 | _aENG-95240 | ||
| 020 |
_a9780070077928 _c270.00 |
||
| 020 |
_a0070077924 _c270.00 |
||
| 035 | _aEN-78773 | ||
| 037 | _bDBAD/PUB | ||
| 040 | _aDPL | ||
| 082 | _a005.133 | ||
| 100 | _aGanesh, S.G. | ||
| 245 |
_aCracking the C,C++,and Java Interview / _cby S. G. Ganesh |
||
| 260 |
_aNew Delhi _bTata McGraw Hill Education _c2009 |
||
| 270 |
_a7, West Patel Nagar _bNew Delhi _e110008 |
||
| 300 |
_a x, 245p. _c22 cm (Pbk).) |
||
| 500 | _aIncludes index | ||
| 942 |
_2ddc _cEN _mGAN _h005.133 |
||
| 999 |
_c31111 _d31111 |
||